Score 0/20 Timer 08:00
0 Plays Today
% Correct
The Wizard of Oz
91%
Mulan
89.8%
It
87.3%
Catch Me If You Can
82.6%
Die Hard
74.7%
The Lord of the Rings: The Return of the King
64.7%
Ocean's Eleven
64.1%
The Parent Trap
51.5%
The Shape of Water
48.7%
Overboard
46.6%
% Correct
About a Boy
43.4%
Passengers
35%
Dirty Rotten Scoundrels
34%
The Music Man
32.2%
Trading Places
29.3%
Atonement
25.9%
Room
23.4%
Singin' In the Rain
21.8%
Empire Records
10.2%
Real Genius
9.6%
Remove Ads.
Support Sporcle.
Get the best of Sporcle when you Go Orange. This ad-free experience offers more features, more stats, and more fun while also helping to support Sporcle. Thank you for becoming a member.

You're not logged in!

Compare scores with friends on all Sporcle quizzes.
OR
Log In

Show Comments

Extras

Top Quizzes Today


Score Distribution

Your Account Isn't Verified!

In order to create a playlist on Sporcle, you need to verify the email address you used during registration. Go to your Sporcle Settings to finish the process.

Report this User

Report this user for behavior that violates our Community Guidelines.

Details: